000 00755nam0a22002531 4500
001 rc\2773781
005 20250806204552.0
035 _a(NLR Aleph) 006900104
090 _a28997
_c28997
100 _a20110915d1941 u y0rusy50 ca
101 0 _arus
102 _aRU
105 _ay z |||||
200 1 _aКак бороться с воздушными десантами врага
_fПолк. М. Спирин
210 _aМосква
_cВоениздат
_d1941
215 _a24 с.
_d13 см.
700 1 _aСпирин
_bМ.
801 0 _aRU
_bNLR
_gpsbo
801 1 _aRU
_bELAR
_2rusmarc
852 _aNLR
_jВ80 Г-2/193
942 _cBOOK
945 _aРоссийская национальная библиотека
980 _aNB
980 _aBV